00934nam a2200205 a 4500008004100000020001800041050001500059100001500074245013000089260006400219300003700283350001000320650001500330700001900345700001800364700002000382995017500402999001700577952013400594191202s2015 ||||||||||||||||| || u a9789351526186 aRC 667 Car aChopra, HK10aCardiological Society of India : cardiology update 2014cEdited by HK Chopra ; S Ramakrishnan ; AK Pancholia ; Manish Bansal  aNew DelhibJaypee Brothers Medical Publishers (P) Ltdc2015 aliii, 1244 pages : illustrations a86.85 aCARDIOLOGY aBansal, Manish aPancholia, AK aRamakrishnan, S aMEDICAL LIBRARY OPEN ACCESSe904594FCBU-SCHOOL OF MEDICINE LIBRARY (Ndola)I86.85jRC 667 CarM1UAVAILABLEWDec 13, 2019y904594ZMedical Library Open Access Collection c30920d30920 00102lcc4070a002b002cMedical Library Open Access Collectiond2022-11-30l0oRC 667 Carp904594r2022-11-30w2022-11-30y002